000
00302nam a22001337a 4500
020
_a
978-81-84-77666-9
082
_a
823
_b
ZUT/G
100
_a
ZUTSHI, VINITA
245
_a
THE GREAT INDIA CHALLENGE
260
_a
UK
_b
SCHOLASTIC
_c
2011
300
_a
86
650
_a
ENGLISH SHORT STORY
_z
UK
942
_c
BK
999
_c
3401
_d
3401